[Event "11. Lichtenberger Sommer"]
[Site "Berlin"]
[Date "2012.08.19"]
[Round "2.68"]
[White "Jachym, Christoph"]
[Black "Barisch, Florian"]
[Result "0-1"]
[WhiteElo "1629"]
[BlackElo "1979"]
[PlyCount "94"]
[EventDate "2012.??.??"]
[WhiteTeam "SC Zugzwang 95 e.V."]
[BlackTeam "SV 1934 Ffm-Griesheim"]

1. d4 Nf6 2. Bg5 g6 3. Bxf6 exf6 4. e4 Bg7 5. Bc4 Qe7 6. Qd3 f5 7. e5 d6 8. Nc3
dxe5 9. dxe5 Nc6 10. f4 Nb4 11. Qe2 Be6 12. Bb5+ c6 13. Ba4 Bh6 14. a3 Nd5 15.
Nxd5 Bxd5 16. Rd1 Qc5 17. b4 Qc3+ 18. Qd2 Qxd2+ 19. Rxd2 O-O-O 20. Nh3 Rhe8 21.
O-O b5 22. Bb3 Rxe5 23. Rfd1 Ree8 24. Bxd5 Rxd5 25. Rxd5 cxd5 26. Kf2 Rd8 27.
Ng5 Bxg5 28. fxg5 Rd6 29. c3 Kd7 30. Kf3 Kc6 31. Re1 Re6 32. Rd1 Re4 33. g3 Kd6
34. h4 Ke5 35. Rf1 f4 36. g4 Re3+ 37. Kg2 Ke4 38. Rd1 Rxc3 39. Re1+ Re3 40. Rc1
Rxa3 41. Rc7 Ra2+ 42. Kh3 d4 43. Rxf7 Ra3+ 44. Kh2 Kf3 45. Rc7 Ra2+ 46. Kh3 Ra1
47. Rc3+ dxc3 0-1

[Event "11. Lichtenberger Sommer"]
[Site "Berlin"]
[Date "2012.08.19"]
[Round "2.70"]
[White "Bastian, Reinhard"]
[Black "Deutschbein, Christopher"]
[Result "0-1"]
[WhiteElo "1620"]
[BlackElo "2049"]
[PlyCount "118"]
[EventDate "2012.??.??"]
[WhiteTeam "vereinslos"]
[BlackTeam "Bille SC von 1924 e.V."]

1. e4 e5 2. Nf3 Nc6 3. Nc3 Nf6 4. d4 exd4 5. Nxd4 Bb4 6. Nxc6 bxc6 7. Bd3 O-O
8. Bg5 Be7 9. O-O Ne8 10. Bf4 a5 11. e5 Ba6 12. Qe2 Bxd3 13. Qxd3 Rb8 14. b3 g6
15. Bh6 Ng7 16. Ne4 d5 17. exd6 cxd6 18. Qc3 f6 19. Ng5 Qd7 20. Rfe1 Rfe8 21.
Bxg7 Kxg7 22. Ne6+ Kg8 23. Qxa5 Rb7 24. Rad1 Ra7 25. Nc5 dxc5 26. Rxd7 Rxa5 27.
Rdxe7 Rxe7 28. Rxe7 Rxa2 29. Kf1 Rxc2 30. Rc7 c4 31. bxc4 Rxc4 32. Ke2 Rc2+ 33.
Ke3 h5 34. h4 g5 35. hxg5 fxg5 36. g3 h4 37. Kf3 h3 38. g4 h2 39. Kg2 Rxf2+ 40.
Kh1 Rc2 41. Re7 Rc4 42. Rc7 Kf8 43. Kxh2 Ke8 44. Kg3 Kd8 45. Rg7 Rc5 46. Rf7
Re5 47. Kf3 c5 48. Ra7 c4 49. Ra4 Rc5 50. Ke3 c3 51. Ra1 c2 52. Rc1 Kd7 53. Kd2
Kd6 54. Kd3 Kd5 55. Ke3 Ke5 56. Kf3 Kd4 57. Ke2 Kc3 58. Re1 Kb2 59. Kd3 c1=Q
0-1

[Event "11. Lichtenberger Sommer"]
[Site "Berlin"]
[Date "2012.08.19"]
[Round "2.71"]
[White "Walter, Günter"]
[Black "Soliva Ruiz, Ramon"]
[Result "1-0"]
[WhiteElo "1983"]
[BlackElo "1620"]
[PlyCount "87"]
[EventDate "2012.??.??"]
[WhiteTeam "TSG Oberschöneweide e.V."]
[BlackTeam "Valencia"]

1. e4 c5 2. Nf3 d6 3. d4 cxd4 4. Qxd4 Nc6 5. Bb5 Bd7 6. Bxc6 Bxc6 7. Nc3 e5 8.
Qd3 h6 9. O-O Nf6 10. Be3 Be7 11. Rad1 a6 12. Rfe1 O-O 13. h3 Qc7 14. Nd2 b5
15. f4 Rad8 16. Nd5 Qb7 17. Nxe7+ Qxe7 18. Bb6 Rd7 19. fxe5 dxe5 20. Qc3 Bb7
21. Bc5 Qd8 22. Bxf8 Kxf8 23. Qb4+ Kg8 24. Re2 Rd4 25. c4 Qd7 26. Rde1 bxc4 27.
Nf3 Rxe4 28. Rxe4 Bxe4 29. Kh2 Bxf3 30. gxf3 Qc7 31. Kg2 Nh5 32. Re4 Nf4+ 33.
Kf1 Nxh3 34. Rxc4 Qd7 35. Qb8+ Kh7 36. Qxe5 Qd3+ 37. Qe2 Qxe2+ 38. Kxe2 Nf4+
39. Rxf4 Kg6 40. Kf2 f5 41. Ra4 Kg5 42. Rxa6 g6 43. a4 Kf4 44. Rxg6 1-0

[Event "11. Lichtenberger Sommer"]
[Site "Berlin"]
[Date "2012.08.19"]
[Round "2.72"]
[White "Pöltelt, Helmut"]
[Black "Bandlow, Matthias"]
[Result "0-1"]
[WhiteElo "1732"]
[BlackElo "1971"]
[PlyCount "86"]
[EventDate "2012.??.??"]
[WhiteTeam "SC Rochade e.V."]
[BlackTeam "SC Borussia Friedrichsfelde 1920"]

1. e4 c5 2. Nc3 d6 3. g3 Nf6 4. Bg2 e6 5. Nge2 Be7 6. O-O O-O 7. d3 Nc6 8. h3
d5 9. exd5 exd5 10. g4 d4 11. Ne4 Nxe4 12. dxe4 Bd7 13. Ng3 Re8 14. f4 Qc7 15.
a3 Rad8 16. Nf5 Bf8 17. Bd2 b5 18. Be1 g6 19. Bh4 gxf5 20. gxf5 Be7 21. f6 Bf8
22. Qh5 Ne5 23. fxe5 Qxe5 24. Qxe5 Rxe5 25. Rf3 Bh6 26. Re1 Rde8 27. Bf2 Kf8
28. Rd3 Bc6 29. Bg3 R5e6 30. e5 Be3+ 31. Kh2 c4 32. Bxc6 cxd3 33. Bxe8 d2 34.
Rd1 Kxe8 35. Kg2 Rc6 36. Kf3 Rxc2 37. Ke2 Rxb2 38. a4 b4 39. Bf2 Rb3 40. Bxe3
dxe3 41. Rg1 Ra3 42. Rg8+ Kd7 43. Rg3 Ra1 0-1

[Event "11. Lichtenberger Sommer"]
[Site "Berlin"]
[Date "2012.08.19"]
[Round "2.73"]
[White "Räcke, Norbert"]
[Black "Hesselbarth, Karlheinz"]
[Result "1-0"]
[WhiteElo "1835"]
[BlackElo "1793"]
[PlyCount "85"]
[EventDate "2012.??.??"]
[WhiteTeam "Queer-Springer SSV Berlin"]
[BlackTeam "SC Zugzwang 95 e.V."]

1. d4 Nf6 2. c4 e6 3. Nc3 d5 4. cxd5 exd5 5. Bg5 Nbd7 6. e3 c6 7. Qc2 Be7 8.
Bd3 O-O 9. Nge2 Re8 10. O-O Nf8 11. f3 Ng6 12. Rad1 Nd7 13. Bxe7 Qxe7 14. e4
dxe4 15. fxe4 Nf6 16. e5 Nd5 17. Nxd5 cxd5 18. Ng3 Qh4 19. Bb5 Re7 20. Nf5 Bxf5
21. Qxf5 Rd8 22. Rf3 Rc7 23. g3 Qe7 24. Rc3 Rxc3 25. bxc3 Qe6 26. Qf3 Rc8 27.
Rc1 Rc7 28. Bd3 Qd7 29. Bf5 Qd8 30. e6 f6 31. Bxg6 hxg6 32. Re1 Re7 33. c4 dxc4
34. d5 Qd6 35. a4 a6 36. Qe4 b5 37. Qd4 Rc7 38. axb5 axb5 39. Ra1 Kf8 40. Ra8+
Ke7 41. Rg8 Qe5 42. d6+ Qxd6 43. Re8+ 1-0

[Event "11. Lichtenberger Sommer"]
[Site "Berlin"]
[Date "2012.08.19"]
[Round "2.74"]
[White "Kasper, Peter"]
[Black "Junge, Wolfgang"]
[Result "0-1"]
[WhiteElo "1822"]
[BlackElo "1799"]
[PlyCount "38"]
[EventDate "2012.??.??"]
[WhiteTeam "SG Eckturm"]
[BlackTeam "SC Friesen Lichtenberg e.V."]

1. e4 e5 2. Nf3 Nf6 3. d4 Nxe4 4. dxe5 d5 5. exd6 Nxd6 6. Qd4 Nc6 7. Qf4 Bf5 8.
c4 Qd7 9. a3 O-O-O 10. Nc3 Ne4 11. Bd3 Bd6 12. Qh4 Be7 13. Qf4 g5 14. Ne5 Qe6
15. Qe3 Bc5 16. Qe2 Nd4 17. Qd1 Qxe5 18. O-O Nxc3 19. Bxf5+ Nxf5 0-1

[Event "11. Lichtenberger Sommer"]
[Site "Berlin"]
[Date "2012.08.19"]
[Round "2.75"]
[White "Heinrich, Wesko"]
[Black "Ziems, Michael"]
[Result "1-0"]
[WhiteElo "1555"]
[BlackElo "1836"]
[PlyCount "117"]
[EventDate "2012.??.??"]
[WhiteTeam "SG Narva Berlin e.V."]
[BlackTeam "SV Empor Berlin e.V."]

1. e4 c5 2. Nf3 Nc6 3. Bb5 e6 4. Bxc6 bxc6 5. Nc3 d5 6. e5 Ne7 7. d3 Nf5 8. O-O
Be7 9. Bf4 Rb8 10. Rb1 h5 11. Ne2 g5 12. Bd2 g4 13. Ne1 Ba6 14. c3 Qc7 15. Bf4
Nh4 16. Bg3 Ng6 17. f4 Bc8 18. f5 exf5 19. e6 Bd6 20. Bxd6 Qxd6 21. exf7+ Kxf7
22. Ng3 f4 23. d4 Kg7 24. Ne2 Bf5 25. Rc1 Be4 26. Qd2 Rbf8 27. dxc5 Qxc5+ 28.
Qd4+ Qxd4+ 29. Nxd4 Rf6 30. c4 c5 31. Ne2 d4 32. Rd1 Rd8 33. Rd2 Kh6 34. Ng3
Bb7 35. Nd3 Kg5 36. Ne2 Rc8 37. a3 a5 38. b4 cxb4 39. axb4 Rxc4 40. bxa5 f3 41.
gxf3 Bxf3 42. Nf2 Rd6 43. Ng3 Re6 44. Nh3+ Kh4 45. Nf2 Kg5 46. Nh3+ Kh4 47. Nf2
Ne7 48. Rb1 Re5 49. Ra1 Kg5 50. a6 Ba8 51. a7 Nc8 52. Rb2 Rc6 53. Rb8 Nb6 54.
Rb1 Ree6 55. Rb5+ Kf4 56. Nxh5+ Ke3 57. Nxg4+ Kf3 58. Ne5+ Rxe5 59. Rf8+ 1-0

[Event "11. Lichtenberger Sommer"]
[Site "Berlin"]
[Date "2012.08.19"]
[Round "2.76"]
[White "Knopf, Roland"]
[Black "Krawatzki, Armin"]
[Result "1-0"]
[WhiteElo "1886"]
[BlackElo "1752"]
[PlyCount "21"]
[EventDate "2012.??.??"]
[WhiteTeam "SC Kreuzberg e.V."]
[BlackTeam "SVG Läufer Reinickendorf e.V."]

1. d4 e6 2. c4 Nf6 3. Nc3 Bb4 4. Qc2 O-O 5. e4 d5 6. e5 Nfd7 7. Nf3 f6 8. cxd5
exd5 9. Be3 g6 10. O-O-O fxe5 11. Nxd5 1-0

[Event "11. Lichtenberger Sommer"]
[Site "Berlin"]
[Date "2012.08.19"]
[Round "2.77"]
[White "Sappok, Marius"]
[Black "Lämmel, Claus-Peter"]
[Result "1-0"]
[WhiteElo "1977"]
[BlackElo "1580"]
[PlyCount "23"]
[EventDate "2012.??.??"]
[WhiteTeam "SC Pirmasens 1912"]
[BlackTeam "SV Cranzahl 1962"]

1. Nf3 Nf6 2. c4 c6 3. d4 d5 4. Nc3 Bf5 5. Qb3 Qb6 6. c5 Qxb3 7. axb3 Nbd7 8.
b4 b5 9. Bf4 a6 10. h3 h6 11. e3 e6 12. Bxb5 1-0

[Event "11. Lichtenberger Sommer"]
[Site "Berlin"]
[Date "2012.08.19"]
[Round "2.78"]
[White "Engelhardt, Erhard"]
[Black "Grothe, Michael"]
[Result "1-0"]
[WhiteElo "1847"]
[BlackElo "1260"]
[PlyCount "147"]
[EventDate "2012.??.??"]
[WhiteTeam "SSV Rotation Berlin e.V."]
[BlackTeam "SK König Tegel 1949 e.V."]

1. b4 e5 2. Bb2 d6 3. c4 a6 4. e3 Nc6 5. a3 Nf6 6. Ne2 g6 7. Ng3 Bg7 8. Qc2 O-O
9. Be2 Bd7 10. Nc3 Re8 11. d3 Na7 12. O-O b5 13. Bf3 Rb8 14. c5 dxc5 15. bxc5
c6 16. Rfd1 Bg4 17. Bxg4 Nxg4 18. h3 Nf6 19. Rd2 Qc7 20. Nce2 Rbd8 21. Rc1 Rd7
22. Rcd1 Red8 23. d4 exd4 24. Bxd4 Nc8 25. Qb2 Ne8 26. Bxg7 Nxg7 27. e4 Ne7 28.
Rxd7 Rxd7 29. Rxd7 Qxd7 30. Qd4 Qxd4 31. Nxd4 Ne6 32. Nxe6 fxe6 33. Ne2 e5 34.
Nc1 a5 35. Nd3 a4 36. Kf1 Kg7 37. Ke2 Kf6 38. g3 Ke6 39. f4 exf4 40. gxf4 h6
41. Kf3 h5 42. Nb4 Kd7 43. Ke3 Ke6 44. Kd4 h4 45. Nd3 Ng8 46. Ne5 Ne7 47. Nf3
g5 48. Nxg5+ Kf6 49. Nf3 Ng6 50. f5 Nf4 51. Nxh4 Nxh3 52. Nf3 Nf4 53. Ne1 Ne2+
54. Kd3 Nc1+ 55. Ke3 Nb3 56. Nd3 Kg5 57. Nb4 Nxc5 58. Nxc6 Nb7 59. Kd4 Kf6 60.
Nb4 Nd8 61. Nd5+ Kf7 62. Kc5 Nb7+ 63. Kc6 Na5+ 64. Kxb5 Nb3 65. Kc4 Nd2+ 66.
Kd4 Nf3+ 67. Kc5 Ne5 68. Nc3 Nd3+ 69. Kd6 Nf2 70. e5 Ng4 71. Nd5 Nh6 72. e6+
Ke8 73. Nc7+ Kd8 74. e7+ 1-0

[Event "11. Lichtenberger Sommer"]
[Site "Berlin"]
[Date "2012.08.19"]
[Round "2.79"]
[White "Duric, Rajko"]
[Black "Körner, Helmut"]
[Result "0-1"]
[WhiteElo "1771"]
[BlackElo "1936"]
[PlyCount "112"]
[EventDate "2012.??.??"]
[WhiteTeam "SC Kreuzberg e.V."]
[BlackTeam "Sfr.Nord-Ost Berlin"]

1. e4 d5 2. exd5 Nf6 3. Nc3 Nxd5 4. Nxd5 Qxd5 5. Qf3 c6 6. Qxd5 cxd5 7. d4 Bf5
8. c3 Nd7 9. Bb5 f6 10. f4 Be4 11. Kf2 O-O-O 12. Ne2 Nb6 13. Ng3 a6 14. Be2 e6
15. Be3 Bg6 16. Bg4 Re8 17. Bh5 Nc4 18. Bxg6 hxg6 19. Bc1 Nd6 20. h3 f5 21. b3
Kd7 22. a4 Rc8 23. Bb2 Be7 24. Kf3 g5 25. Ne2 Ne4 26. Ke3 gxf4+ 27. Nxf4 Nxc3
28. Ng6 Rhg8 29. Kd3 Ne4 30. Rhf1 Bf6 31. Rac1 Rc6 32. Rxc6 bxc6 33. b4 Rb8 34.
Ba3 a5 35. Rb1 c5 36. dxc5 Nxc5+ 37. Kc2 Nxa4 38. bxa5 Rc8+ 39. Kb3 Nc5+ 40.
Bxc5 Rxc5 41. Ka4 Bd8 42. Ne5+ Kc8 43. Rb8+ Kc7 44. Ra8 Bf6 45. Ra7+ Kc8 46.
Ra8+ Kb7 47. Rb8+ Kc7 48. Nd3 Rc2 49. Rb3 Rxg2 50. Nf4 Ra2+ 51. Kb5 Kd6 52. a6
Bd8 53. Rc3 Ra5+ 54. Kb4 Rxa6 55. Re3 e5 56. Nd3 e4 0-1

[Event "11. Lichtenberger Sommer"]
[Site "Berlin"]
[Date "2012.08.19"]
[Round "2.80"]
[White "Grassi, Fabrizio"]
[Black "Reichert, Lutz"]
[Result "1-0"]
[WhiteElo "1933"]
[BlackElo "1733"]
[PlyCount "101"]
[EventDate "2012.??.??"]
[WhiteTeam "SV Berlin-Friedrichstadt"]
[BlackTeam "Schwarz-Weiß Neukölln e.V."]

1. d4 d6 2. Bf4 Nf6 3. e3 g6 4. Nf3 Bg7 5. Be2 O-O 6. O-O b6 7. h3 Bb7 8. a4 a6
9. Na3 Nbd7 10. Bh2 c5 11. c3 Rc8 12. Rc1 Rc7 13. Qb3 Qa8 14. Rfe1 Rfc8 15. Ra1
cxd4 16. exd4 Bd5 17. Qd1 Re8 18. Qd3 Bb7 19. Nc4 Bc6 20. Qd1 Qb8 21. Nxd6 exd6
22. Bxd6 Qc8 23. Bxa6 Qxa6 24. Bxc7 Rxe1+ 25. Nxe1 Qc8 26. Bh2 Ne4 27. f3 Ng5
28. h4 Ne6 29. d5 Bxa4 30. Qxa4 Qc5+ 31. Kh1 Nef8 32. Qc6 Qf2 33. Qc4 Qxb2 34.
Ra2 Qc1 35. Re2 Bf6 36. Bg3 h6 37. Bf4 Qb1 38. Qd3 Qb3 39. g3 Qa4 40. c4 Nc5
41. Qc2 Qd7 42. Kg2 g5 43. hxg5 hxg5 44. Be5 Bxe5 45. Rxe5 f6 46. Re2 Qg7 47.
Qf5 Nb3 48. Re8 Nd4 49. Qe4 f5 50. Qe5 Qf7 51. Re7 1-0

[Event "11. Lichtenberger Sommer"]
[Site "Berlin"]
[Date "2012.08.19"]
[Round "2.81"]
[White "Bandlow, Reinhard"]
[Black "Remboldt, Viktor"]
[Result "1-0"]
[WhiteElo "1983"]
[BlackElo "1802"]
[PlyCount "109"]
[EventDate "2012.??.??"]
[WhiteTeam "SV Bau-Union e.V."]
[BlackTeam "Bille SC von 1924 e.V."]

1. e4 e5 2. Nf3 Nc6 3. Bb5 Bc5 4. c3 Nf6 5. O-O d6 6. d4 exd4 7. cxd4 Bb4 8.
Bxc6+ bxc6 9. Qa4 a5 10. a3 Ba6 11. Qxc6+ Nd7 12. axb4 Bxf1 13. Kxf1 a4 14. Nc3
O-O 15. Bg5 f6 16. Bf4 Nb6 17. Nb5 Rc8 18. Rc1 Re8 19. Qb7 Re7 20. Qc6 h6 21.
Be3 d5 22. e5 Kf7 23. Nh4 Nc4 24. Nf5 Re6 25. Qc5 Qd7 26. Na7 Ra8 27. b5 Rb6
28. Nc6 Qxf5 29. Qxd5+ Qe6 30. Qxe6+ Kxe6 31. d5+ Kxd5 32. Bxb6 Nxb6 33. exf6
gxf6 34. Nb4+ Kd6 35. Rc6+ Ke5 36. Rxc7 Rc8 37. Rxc8 Nxc8 38. Ke2 Kd4 39. Nc2+
Kc5 40. Ne3 h5 41. Kd3 Kxb5 42. Kc3 Nd6 43. f3 Kc5 44. g4 Nb5+ 45. Kd3 hxg4 46.
fxg4 Kb4 47. h4 Kb3 48. h5 Nd6 49. Nd1 Nf7 50. Ke4 Kc2 51. Nc3 Kxb2 52. Nxa4+
Kb3 53. Nc5+ Kc4 54. Nd7 Ng5+ 55. Kf5 1-0

[Event "11. Lichtenberger Sommer"]
[Site "Berlin"]
[Date "2012.08.19"]
[Round "2.84"]
[White "Baatz, Karl-Heinz"]
[Black "Theilig, Reinhard"]
[Result "1-0"]
[WhiteElo "1807"]
[BlackElo "1722"]
[PlyCount "55"]
[EventDate "2012.??.??"]
[WhiteTeam "SF Friedrichshagen"]
[BlackTeam "VfB Hermsdorf e.V."]

1. e4 d6 2. d4 Nf6 3. Nc3 g6 4. f4 Bg7 5. Nf3 O-O 6. Be3 Ng4 7. Bg1 Nf6 8. e5
dxe5 9. dxe5 Qxd1+ 10. Rxd1 Nh5 11. Nd5 Nc6 12. Nxc7 Rb8 13. Be3 Bh6 14. g3 Bg4
15. Kf2 Rbd8 16. Be2 Ng7 17. Nb5 b6 18. Nbd4 Nxd4 19. Nxd4 Bxe2 20. Kxe2 Rc8
21. c3 Nf5 22. Nxf5 gxf5 23. Rd7 e6 24. Rxa7 Rb8 25. Rd1 Rfd8 26. Rxd8+ Rxd8
27. Rb7 Ra8 28. a3 1-0

[Event "11. Lichtenberger Sommer"]
[Site "Berlin"]
[Date "2012.08.19"]
[Round "2.85"]
[White "Schreiber, Ben-Luca"]
[Black "Albinus, Günter"]
[Result "0-1"]
[WhiteElo "1677"]
[BlackElo "1819"]
[PlyCount "68"]
[EventDate "2012.??.??"]
[WhiteTeam "SG Lasker Steglitz-Wilmersdorf"]
[BlackTeam "SG Weißensee 49 e.V."]

1. d4 Nf6 2. c4 c6 3. Nc3 d5 4. cxd5 cxd5 5. Bg5 e6 6. Nf3 Be7 7. e3 O-O 8. Bd3
b6 9. O-O Nbd7 10. Qc2 Bb7 11. Ne5 h6 12. Nxd7 Qxd7 13. Bh4 Rac8 14. Rac1 Ne4
15. Bxe7 Qxe7 16. Bxe4 dxe4 17. Qb1 f5 18. Rc2 Ba6 19. Rd1 Bd3 20. Rxd3 exd3
21. Rd2 f4 22. Qxd3 fxe3 23. Qxe3 Qf6 24. Re2 Kf7 25. Ne4 Qxd4 26. Ng5+ Kg8 27.
Qxe6+ Kh8 28. Nf7+ Kh7 29. g3 Rce8 30. Qxe8 Rxe8 31. Rxe8 Qd1+ 32. Kg2 Qd5+ 33.
Kg1 Qxf7 34. Re1 Qxa2 0-1

[Event "11. Lichtenberger Sommer"]
[Site "Berlin"]
[Date "2012.08.19"]
[Round "2.86"]
[White "Müller, Thomas"]
[Black "Acikel, Mert"]
[Result "1/2-1/2"]
[WhiteElo "1767"]
[BlackElo "1791"]
[PlyCount "97"]
[EventDate "2012.??.??"]
[WhiteTeam "SV Schewe Torm/Derendorf 1928/30"]
[BlackTeam "VfB Hermsdorf e.V."]

1. d4 d5 2. c4 e6 3. Nc3 Nf6 4. Bg5 Nbd7 5. cxd5 exd5 6. e3 c6 7. Bd3 Bd6 8.
Nge2 O-O 9. f3 h6 10. Bh4 Be7 11. O-O Re8 12. Rc1 b6 13. Bf2 Bb7 14. Ng3 c5 15.
Nf5 Bf8 16. Nb5 Bc6 17. Bg3 Bxb5 18. Bxb5 a6 19. Bc6 Ra7 20. Be5 Re6 21. Bxd7
Rxd7 22. Qd3 c4 23. Qd2 b5 24. Qf2 Ne8 25. Kh1 Qg5 26. g4 Nd6 27. Bf4 Qd8 28.
Bxd6 Bxd6 29. Nxd6 Rdxd6 30. Rc2 Qe7 31. a3 Rxe3 32. Rd1 Rf6 33. Rc3 Rxc3 34.
bxc3 Qxa3 35. Qe1 Re6 36. Qd2 b4 37. Rc1 Rf6 38. f4 b3 39. g5 hxg5 40. fxg5 Rb6
41. Re1 b2 42. Qc2 Qa1 43. Rb1 a5 44. Qf5 Rb8 45. g6 Rf8 46. Rf1 fxg6 47. Qxf8+
Kh7 48. Qf3 b1=Q 49. Qh3+ 1/2-1/2

[Event "11. Lichtenberger Sommer"]
[Site "Berlin"]
[Date "2012.08.19"]
[Round "2.87"]
[White "Günther, Boris"]
[Black "Schindler, Rudolf"]
[Result "0-1"]
[WhiteElo "1433"]
[BlackElo "1767"]
[PlyCount "138"]
[EventDate "2012.??.??"]
[WhiteTeam "SF Friedrichshagen"]
[BlackTeam "SG Lasker Steglitz-Wilmersdorf"]

1. f4 Nf6 2. Nf3 e6 3. e3 b6 4. Be2 Bb7 5. O-O Be7 6. d3 d5 7. h3 O-O 8. Nbd2
c5 9. c3 Nbd7 10. g4 Qc7 11. g5 Ne8 12. d4 c4 13. Qe1 Nd6 14. Ne5 Nxe5 15. dxe5
Ne8 16. Nf3 g6 17. h4 Ng7 18. Nd4 Rfc8 19. h5 a6 20. hxg6 fxg6 21. Qh4 h5 22.
Qh3 Qd7 23. Bd1 Bc5 24. Nf3 Nf5 25. Kf2 Rf8 26. Ke2 Bc6 27. Bc2 Ba4 28. Bxf5
exf5 29. Nd2 Bc2 30. Rf2 Qa4 31. Qh1 Bd3+ 32. Kf3 Qc6 33. Rh2 d4+ 34. Kg3 Qxh1
35. Rxh1 dxe3 36. Nf3 e2 37. Re1 Kg7 38. Nd4 Bxd4 39. cxd4 h4+ 40. Kf2 Kf7 41.
Rh1 Rh8 42. Rh3 Rh5 43. Bd2 Ke6 44. Rah1 Rah8 45. Ke3 Kd5 46. Be1 R5h7 47. Bf2
b5 48. a3 Be4 49. R1h2 Bd3 50. Kd2 Ke4 51. Rxh4 Rxh4 52. Rxh4 Re8 53. Kc3 Re6
54. Be1 a5 55. Bf2 Rb6 56. Kd2 Ra6 57. Kc3 Re6 58. Kd2 b4 59. a4 Rc6 60. Rh3
Kd5 61. Rh1 Be4 62. Rc1 Bf3 63. Rc2 Ke4 64. b3 c3+ 65. Ke1 Kxf4 66. d5 Bxd5 67.
Rxe2 Bxb3 68. Be3+ Kxe5 69. Bc1+ Kd5 0-1

[Event "11. Lichtenberger Sommer"]
[Site "Berlin"]
[Date "2012.08.19"]
[Round "2.88"]
[White "Bergmann, Jens"]
[Black "Möller, Dirk"]
[Result "1-0"]
[WhiteElo "1946"]
[BlackElo "1686"]
[PlyCount "37"]
[EventDate "2012.??.??"]
[WhiteTeam "SK Tempelhof 1931 e.V."]
[BlackTeam "SC Kreuzberg e.V."]

1. e4 e5 2. d4 exd4 3. Qxd4 Nc6 4. Qe3 Nf6 5. Bd2 b6 6. Nc3 Bc5 7. Qg3 Nd4 8.
O-O-O Ne6 9. e5 Nh5 10. Qf3 c6 11. Qxh5 Bxf2 12. Ne4 Bc5 13. Nd6+ Bxd6 14. exd6
O-O 15. Nf3 a5 16. Bd3 g6 17. Qh6 a4 18. h4 Nc5 19. Ng5 1-0

[Event "11. Lichtenberger Sommer"]
[Site "Berlin"]
[Date "2012.08.19"]
[Round "2.89"]
[White "Kramer, Ralf"]
[Black "Hübner, Alan-Ari"]
[Result "0-1"]
[WhiteElo "1633"]
[BlackElo "1728"]
[PlyCount "80"]
[EventDate "2012.??.??"]
[WhiteTeam "SV Königsjäger Süd-West e.V."]
[BlackTeam "TuS Makkabi Berlin e.V."]

1. e4 c5 2. Nf3 d6 3. b4 Nf6 4. d3 cxb4 5. a3 bxa3 6. Nxa3 Nc6 7. Bb2 e6 8. Nc4
b5 9. Ncd2 Be7 10. d4 Qb6 11. Be2 O-O 12. O-O a6 13. c3 Bb7 14. Qb1 h6 15. Ba3
Qc7 16. Re1 Rac8 17. Rc1 d5 18. Bxe7 Qxe7 19. Bd3 dxe4 20. Nxe4 Nxe4 21. Bxe4
Qd7 22. Qb3 Qd6 23. Bxc6 Qxc6 24. Qb2 Rfd8 25. Qe2 Qe4 26. Qxe4 Bxe4 27. Rxa6
Bxf3 28. gxf3 Rxd4 29. cxd4 Rxc1+ 30. Kg2 b4 31. Ra8+ Kh7 32. Rb8 Rc4 33. Kf1
Rxd4 34. Ke2 e5 35. Rb7 Rf4 36. Rb5 f6 37. Ke3 g5 38. h3 Kg6 39. Rb8 h5 40. Rb6
Kf7 0-1

[Event "11. Lichtenberger Sommer"]
[Site "Berlin"]
[Date "2012.08.19"]
[Round "2.90"]
[White "Schönberger, Kay"]
[Black "Köhler, Hans-Christian"]
[Result "0-1"]
[WhiteElo "1899"]
[BlackElo "1431"]
[PlyCount "112"]
[EventDate "2012.??.??"]
[WhiteTeam "SV Koblenz 03/25"]
[BlackTeam "Schachgemeinschaft 2011 Sennewit"]

1. e4 e6 2. d4 d5 3. Nd2 dxe4 4. Nxe4 Nd7 5. Nf3 Ngf6 6. Bd3 Nxe4 7. Bxe4 Nf6
8. Bd3 c5 9. c3 cxd4 10. cxd4 Bb4+ 11. Bd2 Bxd2+ 12. Qxd2 O-O 13. O-O b6 14.
Rac1 Bb7 15. Ne5 Qd5 16. Nf3 Qxa2 17. Rc7 Bxf3 18. gxf3 Qd5 19. Qf4 Rfd8 20.
Rfc1 h6 21. R1c4 Qg5+ 22. Qxg5 hxg5 23. Be4 Nxe4 24. fxe4 a5 25. Rb7 Rab8 26.
Rxb8 Rxb8 27. d5 exd5 28. exd5 Rd8 29. Rd4 Rd6 30. Kf1 f5 31. Ke2 Kf7 32. Kd3
Kf6 33. Kc4 Ke5 34. Rd3 f4 35. f3 g4 36. fxg4 Ke4 37. Rd4+ Ke3 38. Rd3+ Ke2 39.
Kc3 f3 40. Rd2+ Kf1 41. Kd4 Ke1 42. Ke3 b5 43. Rf2 Rxd5 44. Rxf3 Re5+ 45. Kf4
Re2 46. Re3 a4 47. h4 b4 48. Rh3 Kd2 49. h5 Kc2 50. h6 gxh6 51. Rxh6 Kxb2 52.
g5 a3 53. Kf3 Re8 54. Rh4 b3 55. g6 a2 56. Rh2+ Ka3 0-1

[Event "11. Lichtenberger Sommer"]
[Site "Berlin"]
[Date "2012.08.19"]
[Round "2.91"]
[White "Mahler, Sonja"]
[Black "Rehder, Frank"]
[Result "0-1"]
[WhiteElo "1644"]
[BlackElo "1879"]
[PlyCount "54"]
[EventDate "2012.??.??"]
[WhiteTeam "SC Kreuzberg e.V."]
[BlackTeam "SC Zugzwang 95 e.V."]

1. d4 Nf6 2. Bf4 d6 3. e3 g6 4. Be2 Bg7 5. c4 O-O 6. Nc3 Nbd7 7. Nf3 Nh5 8. Bg5
h6 9. Bh4 g5 10. Bg3 Ndf6 11. Nd2 Nxg3 12. hxg3 e5 13. dxe5 dxe5 14. Qc2 Be6
15. Rd1 Qe7 16. Nf3 Nd7 17. Rh5 f5 18. Nd5 Bxd5 19. cxd5 Nf6 20. Qb3 Qd6 21.
Rh1 Rab8 22. Rc1 Ne4 23. a3 a6 24. a4 Rfc8 25. Qa2 Qb4+ 26. Rc3 Nxc3 27. d6+
Nxa2+ 0-1

[Event "11. Lichtenberger Sommer"]
[Site "Berlin"]
[Date "2012.08.19"]
[Round "2.92"]
[White "Schmalzried, Volker"]
[Black "Bensch, Wolfgang"]
[Result "1-0"]
[WhiteElo "1858"]
[BlackElo "1665"]
[PlyCount "108"]
[EventDate "2012.??.??"]
[WhiteTeam "Umweltbundesamt"]
[BlackTeam "SC Eintracht Berlin e.V."]

1. c4 e5 2. Nc3 Nc6 3. g3 Nf6 4. Bg2 a6 5. Nf3 Bc5 6. O-O O-O 7. d3 h6 8. a3
Re8 9. b4 Ba7 10. c5 d5 11. d4 e4 12. Ne1 Ne7 13. f3 exf3 14. Nxf3 Ng6 15. Ne5
c6 16. Nxg6 fxg6 17. Bf4 Bb8 18. Qd2 Bxf4 19. Qxf4 Rf8 20. e4 Nxe4 21. Qxf8+
Qxf8 22. Rxf8+ Kxf8 23. Bxe4 dxe4 24. Nxe4 Ke7 25. Re1 Be6 26. Nd6 Rb8 27. Kf2
Kd7 28. Ke3 Kc7 29. Kf4 Rf8+ 30. Ke5 Bd5 31. Re3 Kb8 32. h4 h5 33. a4 Kc7 34.
b5 a5 35. b6+ Kb8 36. Rc3 Ka8 37. Nc4 Bxc4 38. Rxc4 Rf5+ 39. Ke4 Kb8 40. Rc3
Kc8 41. Rd3 Kd7 42. d5 Rf7 43. d6 Rf5 44. Kd4 Rf1 45. Re3 Rf7 46. Re4 Kc8 47.
Re6 Kd7 48. Rxg6 Ke8 49. Rg5 Kf8 50. Rxh5 Kg8 51. Re5 Rf1 52. Re7 Ra1 53. d7
Kh7 54. Ke5 Rd1 1-0

[Event "11. Lichtenberger Sommer"]
[Site "Berlin"]
[Date "2012.08.19"]
[Round "2.93"]
[White "Winz, Michael"]
[Black "Bollenbach, Horst"]
[Result "1/2-1/2"]
[WhiteElo "1663"]
[BlackElo "1742"]
[PlyCount "121"]
[EventDate "2012.??.??"]
[WhiteTeam "SC Friesen Lichtenberg e.V."]
[BlackTeam "SC Friesen Lichtenberg e.V."]

1. d4 d5 2. Nf3 Nf6 3. c4 c6 4. Nc3 e6 5. e3 a6 6. a4 Bb4 7. Bd2 O-O 8. Bd3
dxc4 9. Bxc4 Bd7 10. O-O Bxc3 11. Bxc3 b5 12. axb5 cxb5 13. Bd3 Nc6 14. Rc1 b4
15. Bd2 Qb8 16. b3 a5 17. e4 Qb6 18. Be3 Ng4 19. Qe2 Nxe3 20. fxe3 f6 21. Bb5
Rac8 22. d5 exd5 23. exd5 Ne5 24. Bxd7 Nxd7 25. Qd2 Rfe8 26. Rxc8 Rxc8 27. Rc1
Rxc1+ 28. Qxc1 Nc5 29. Qc4 Kf8 30. Nd4 Ke8 31. Kf2 Kd7 32. Ke2 Qa6 33. Qxa6
Nxa6 34. Kd3 Kd6 35. e4 Nc5+ 36. Ke3 g6 37. Kf4 a4 38. bxa4 b3 39. Nb5+ Kd7 40.
a5 b2 41. Nc3 Kd6 42. Nb5+ Kd7 43. Nc3 Na6 44. Ke3 Kd6 45. Kd3 f5 46. exf5 Nb4+
47. Kc4 Nxd5 48. Nb1 gxf5 49. Kb3 Ne3 50. Kxb2 Nc4+ 51. Kc3 Nxa5 52. Kd3 Ke5
53. Ke2 Kf4 54. Kf2 Nc4 55. Nc3 Ne5 56. Ne2+ Kg4 57. h3+ Kg5 58. Ke3 h5 59. Kd4
Ng6 60. Ke3 f4+ 61. Ke4 1/2-1/2